000 00601nam a2200181Ia 4500
008 100920s9999 xx 000 0 und d
082 _b95181
_a28 व 891 न 05
100 _aभावे अनंत.
245 _aअक्षर मैत्री.
260 _bस्पर्श प्रकाशन ,पुणे.
_c2005
300 _a24
_bसाधी
365 _b12
520 _aबा.वि.लघुकथा.
630 _aअक्षर मैत्री.
650 _aबा.वि.लघुकथा.
730 _aअक्षर मैत्री.
942 _cBOOK
999 _c735623
_d735620